Questions-réponses sur Vitré - Statistiques

Statistiques générales
  • Ce quiz a été pris 17 fois
  • Le résultat moyen est 7 sur 15
Statistiques - réponses
Questions Réponses % Correct
Fleuve qui traverse Vitré. La Vilaine
100%
Ville surnommée la "Ville des administration" qui se tient à environ 35 kilomètres à l'ouest de Vitré. Rennes
100%
Régions dans laquelle se situe Vitré. La Bretagne
86%
Ville au nom palindromique, connue pour son "Château Neuf", située à 33 kilomètres à l'est de Vitré, dans une région frontalière. Laval
64%
Marquise et célèbre épistolière qui possédait le "Château des Rochers-_____" dans la campagne vitréenne. Dans ses lettres, elle décrivait la vie et la mondanité de la cité ainsi que des Bretons en général, souvent avec ironie. Madame de Sévigné
64%
Phénomène de déplacement des populations des campagnes vers les villes, entamé au XIXe siècle et accéléré après la Seconde Guerre mondiale. Vitré a connu un afflux de population grâce notamment à ce phénomène. Sa population est passée de 9 611 habitants en 1954 à 12 322 en 1975. L'Exode rural
50%
Fruit oléagineux qui entre typiquement dans la composition du "vitréais", le biscuit traditionnel du pays de Vitré. L'amande
43%
Coureur cycliste qui remporta avec son équipe "La Vie claire", le contre-la-montre par équipe du Tour de France 1985 entre Vitré et Fougères, avant de remporter que le classement général de ce même Tour de France. Bernard Hinault
36%
Région d'Espagne dans laquelle s'est expatrié le marchand vitréen Pierre-Olivier Malherbe avant de partir aux Amériques en 1592 puis en Asie en 1595. Il est considéré comme le premier voyageur à avoir effectué le tour du monde par voie terrestre. L'Andalousie
36%
Auteur qui décrivit Vitré en ces termes dans son roman "Le Marquis de Fayolle" (1849) : « Vitré est sans doute la ville de France qui a le mieux conservé sa physionomie du Moyen Âge. Elle a toujours ses vieux porches en bois à colonnes, à peine dégrossies enjolivées de sculptures ébauchées, ses maisons d'ardoises avec pignon sur rue, ses fenêtres étroites et bizarrement percées, suivant les caprices ou les besoins des nouveaux propriétaires… » Gérard de Nerval
21%
Régime français né de la Révolution des Trois Glorieuses de 1830 et que combattit une nouvelle insurrection légitimiste dans le Pays de Vitré en 1832. La Monarchie de Juillet
21%
Insurrection royaliste qui s'est notamment développée dans la campagne vitréenne et qui prit la ville en date du 6 novembre 1793 au détriment des Révolutionnaires qui la réoccupèrent trois jours plus tard. Les Chouans
21%
Réalisateur du film "Le Miracle des loups" (1961), film médiéval avec Jean Marais dont la scène d'ouverture fut tournée à Vitré. André Hunebelle
14%
Affluent du précédent qui se jette dans ce dernier à quelques encâblures de Vitré, sur l'ouest. La Valière
14%
Connétable de France surnommé le « Dogue noir de Brocéliande », grande figure de la Guerre de Cent ans, qui se maria à Vitré, probablement en 1363, avec Tiphaine Raguenel. Bertrand du Guesclin
7%
Aucun quiz correspondant
Distribution des résultats
% des personnes avec chaque résultat
Percentile par nombre de réponses
Votre historique - résultats
Vous n’avez pas pris ce quiz